Economics with Islamic orientation / (Record no. 22146)
[ view plain ]
| 000 -LEADER | |
|---|---|
| fixed length control field | 01306cam a22003615a 4500 |
| 001 - CONTROL NUMBER | |
| control field | 017396242 |
| 003 - CONTROL NUMBER IDENTIFIER | |
| control field | OSt |
| 005 - DATE AND TIME OF LATEST TRANSACTION | |
| control field | 20161120104800.0 |
| 008 - FIXED-LENGTH DATA ELEMENTS--GENERAL INFORMATION | |
| fixed length control field | 141117s2015 my a frbd 001 0 eng d |
| 015 ## - NATIONAL BIBLIOGRAPHY NUMBER | |
| National bibliography number | GBB576022 |
| Source | bnb |
| 016 7# - NATIONAL BIBLIOGRAPHIC AGENCY CONTROL NUMBER | |
| Record control number | 017396242 |
| Source | Uk |
| 020 ## - INTERNATIONAL STANDARD BOOK NUMBER | |
| International Standard Book Number | 9789834714055 |
| 020 ## - INTERNATIONAL STANDARD BOOK NUMBER | |
| International Standard Book Number | 983471405X |
| 035 ## - SYSTEM CONTROL NUMBER | |
| System control number | (UkOxU)020330962 |
| 035 ## - SYSTEM CONTROL NUMBER | |
| System control number | (OCoLC)898354378 |
| 040 ## - CATALOGING SOURCE | |
| Original cataloging agency | MYNLM |
| Language of cataloging | eng |
| Transcribing agency | MYNLM |
| Modifying agency | EG-ScBUE |
| -- | EG-ScBUE |
| 042 ## - AUTHENTICATION CODE | |
| Authentication code | ukscp |
| 082 04 - DEWEY DECIMAL CLASSIFICATION NUMBER | |
| Classification number | 332.088297 |
| Item number | HAS |
| Edition number | 23 |
| 100 1# - MAIN ENTRY--PERSONAL NAME | |
| Personal name | Hasan, Zubair. |
| 9 (RLIN) | 40698 |
| 245 10 - TITLE STATEMENT | |
| Title | Economics with Islamic orientation / |
| Statement of responsibility, etc | Zubair Hasan. |
| 260 ## - PUBLICATION, DISTRIBUTION, ETC. (IMPRINT) | |
| Place of publication, distribution, etc | Oxford : |
| Name of publisher, distributor, etc | Oxford Universty Press, |
| Date of publication, distribution, etc | 2015. |
| 300 ## - PHYSICAL DESCRIPTION | |
| Extent | xxxiv, 686 p. : |
| Other physical details | ill. ; |
| Dimensions | 26 cm. |
| 500 ## - GENERAL NOTE | |
| General note | "The book combines the material of two earlier texts of the author--Macroeconomics (2009) and Fundamentals of Microeconomics (2011). The material has been refined and updated"--Back cover. |
| 500 ## - GENERAL NOTE | |
| General note | Index : p. 670-686. |
| 504 ## - BIBLIOGRAPHY, ETC. NOTE | |
| Bibliography, etc | Bibliography : p. 667-669. |
| 650 #7 - SUBJECT ADDED ENTRY--TOPICAL TERM | |
| Topical term or geographic name as entry element | Economics |
| General subdivision | Religious aspects |
| -- | Islam. |
| Source of heading or term | BUEsh |
| 9 (RLIN) | 33913 |
| 650 #7 - SUBJECT ADDED ENTRY--TOPICAL TERM | |
| Topical term or geographic name as entry element | Finance |
| General subdivision | Religious aspects |
| -- | Islam. |
| Source of heading or term | BUEsh |
| 9 (RLIN) | 28658 |
| 651 ## - SUBJECT ADDED ENTRY--GEOGRAPHIC NAME | |
| Source of heading or term | BUEsh |
| 653 ## - INDEX TERM--UNCONTROLLED | |
| Resource For college | BAEPS, Business Administration |
| Arrived date list | August 2016 |
| 653 ## - INDEX TERM--UNCONTROLLED | |
| Resource For college | BAEPS, Economics |
| Arrived date list | November2016 |
| 856 ## - ELECTRONIC LOCATION AND ACCESS | |
| Uniform Resource Identifier | <a href="http://cw.oxfordfajar.com.my/econs">http://cw.oxfordfajar.com.my/econs</a> |
| Link text | Companion website |
| 942 ## - ADDED ENTRY ELEMENTS (KOHA) | |
| Source of classification or shelving scheme | Dewey Decimal Classification |
| Edition | 22 |
| Call number prefix | 332.088297 HAS |
| Withdrawn status | Item status | Source of classification or shelving scheme | Damaged status | Not for loan | Vendor | Home library | Current library | Shelving location | Date acquired | Source of acquisition | Cost, normal purchase price | Serial Enumeration / chronology | Total Checkouts | Full call number | Barcode | Date last seen | Cost, replacement price | Koha item type |
|---|---|---|---|---|---|---|---|---|---|---|---|---|---|---|---|---|---|---|
| Dewey Decimal Classification | Baccah | Central Library | Central Library | First floor | 09/08/2016 | Purchase | 165.00 | 25846 | 332.088297 HAS | 000033135 | 15/07/2025 | 206.25 | Book - Borrowing | |||||
| Dewey Decimal Classification | Baccah | Central Library | Central Library | First floor | 10/11/2016 | Purchase | 165.00 | 25140 | 332.088297 HAS | 000045102 | 15/07/2025 | 206.25 | Book - Borrowing |